| 000 | 00920cam a22003133a 4500 | ||
|---|---|---|---|
| 001 | 17880 | ||
| 003 | PGUSA | ||
| 005 | 20140828083400.0 | ||
| 008 | 060227s2006||||xxu|||||s|||||000 1 eng d | ||
| 040 |
_aPGUSA _beng |
||
| 042 | _adc | ||
| 050 | 4 | _aPR | |
| 100 | 1 |
_aDickens, Charles, _d1812-1870 |
|
| 245 | 1 | 0 |
_aBarnabé Rudge, Tome II _h[electronic resource] / _cCharles Dickens |
| 260 |
_bProject Gutenberg, _c2006 |
||
| 506 | _aPublic domain in the USA. | ||
| 516 | _aElectronic text | ||
| 653 | _aHistorical fiction | ||
| 653 | _aLocksmiths -- Fiction | ||
| 653 | _aMystery fiction | ||
| 653 | _aApprentices -- Fiction | ||
| 653 | _aGordon Riots, 1780 -- Fiction | ||
| 653 | _aPolitical fiction | ||
| 653 | _aLondon (England) -- History -- 18th century -- Fiction | ||
| 700 | 1 | _aBonnomet, Mr | |
| 830 | 0 |
_aProject Gutenberg _v17880 |
|
| 856 | 4 | 0 | _uhttp://www.gutenberg.org/ebooks/17880 |
| 942 | _cEB | ||
| 999 |
_c247135 _d247135 |
||